002350000a220007300045001000018000002450051000183000046000697730046001151 aKearsley, Roy10aWhat kind of God for the twenty-First century? aVol. 17, Num. 2 (1999), Páginas 114-1280 tScottish Bulletin of Evangelical Theology